Harry Potter - Grand Quiz - De A à Z - Statistiques

Statistiques générales
  • Ce quiz a été pris 634 fois
  • Le résultat moyen est 18 sur 26
Statistiques - réponses
Description Réponse % Correct
A Célèbre prison gardée par les détraqueurs Azkaban
99%
D Elfe de maison de la famille Malefoy Dobby
97%
C Artéfact qui décide à quelle maison vont appartenir les nouveaux élèves de Poudlard Choixpeau magique
94%
H Ce demi-géant est le « gardien des clés et des lieux » à Poudlard Rubeus Hagrid
93%
F Nom de la langue des serpents Fourchelangue
92%
R Il est le Prince de sang-mêlé Severus Rogue
90%
J Cet horcruxe est détruit dans la Chambre des Secrets Journal intime de Tom Jedusor
86%
N Nom du serpent de Voldemort Nagini
85%
K Elève de Durmstrang et attrapeur de l'équipe bulgare de Quidditch Viktor Krum
85%
E Ce sortilège permet de désarmer un adversaire Expelliarmus
83%
O Fabriquant de baguettes du Chemin de Traverse Garrick Ollivander
82%
B Ecole de sorcellerie fraçaise Beauxbâtons
80%
Q Dans le premier opus, il partage son corps avec Voldemort Professeur Quirrell
79%
V Prénom de l'oncle d'Harry Potter Oncle Vernon
77%
L Mangemort et soeur de Narcissa Malefoy Bellatrix Lestrange
72%
I Ce sortilège impardonable permet de contrôler le corps de la personne ciblée Impero
67%
M Quatuor formé de Lunard, Queudver, Patmol et Cornedrue Les Maraudeurs
64%
P La famille Dursley réside au numéro 4 de cette rue Privet Drive
64%
T Forme magique de téléportation Transplanage
60%
G La tombe des parents d'Harry se trouve dans ce cimetière Godric's Hollow
58%
X Prénom du père de Luna Lovegood Xenophilius
56%
S Ceux qui voient ce grand chien noir seraient appelés à mourir prochainement Sinistros
47%
U Ce parc à thèmes a développé une section sur le thème de Harry Potter à Orlando (en Floride) Universal Studio
44%
Z Elève de Serpentard de la classe d'Harry Potter et ami de la bande de Drago Malefoy Blaise Zabini
28%
W Compositeur de la bande originale des films Harry Potter John Williams
26%
Y A l'origine mythologique, cette créature est parfois mentionnée dans la saga Yéti
17%
Aucun quiz correspondant
Distribution des résultats
% des personnes avec chaque résultat
Percentile par nombre de réponses
Votre historique - résultats
Vous n’avez pas pris ce quiz